| 000 | 00399nam a2200121Ia 4500 | ||
|---|---|---|---|
| 008 | 220204s9999 xx 000 0 und d | ||
| 020 | _a195653270 | ||
| 082 |
_a339.52 _bSRI |
||
| 100 | _aSrinivasan, T N | ||
| 245 | 0 | _aDeveloping countries and the multilateral trading system : From the GATT to the Uruguay round and the the future | |
| 260 |
_aNew Delhi _bOxford University Press _c1998 |
||
| 942 | _cBK | ||
| 999 |
_c41909 _d41909 |
||